00573cam a22001933a 450000100060000000300060000600500170001200800410002904000150007004200070008510000420009224500750013426000290020950600300023851600200026870000200028883000290030885600420033735657PGUSA20140828083752.0110322s2011||||xxu|||||s|||||000 | eng d aPGUSAbeng adc1 aTurgenev, Ivan Sergeevich,d1818-188310aEaux printaniè€resh[electronic resource] /cIvan Sergeevich Turgenev bProject Gutenberg,c2011 aPublic domain in the USA. aElectronic text1 aDelines, Michel 0aProject Gutenbergv3565740uhttp://www.gutenberg.org/ebooks/35657